| 000 | 00841nas a2200265 4500 | ||
|---|---|---|---|
| 001 | BR7304209 | ||
| 003 | BR-BrBNA | ||
| 005 | 20231205082507.0 | ||
| 007 | ta | ||
| 008 | 230509b bl.|||p| |||| 00| 00por d | ||
| 040 |
_aBR-BrBNA _bpor _cBiblioteca Nacional de Agricultura |
||
| 041 | _a(Pt) | ||
| 072 | _aL70 | ||
| 100 | 1 | _aFernandes Filho, A. | |
| 100 | 1 | _aPereira, J.G.L. | |
| 100 | 1 | _aD'errico, A.A. | |
| 100 | 1 | _aFerreira, N. | |
| 245 | 1 | _aSobre a presenca de resquicios da A. Hialoidea em carneiros da raca corriedale | |
| 650 | _aVETERINARIA | ||
| 650 | _aCORRIEDALE | ||
| 650 | _aOLHO | ||
| 773 | 0 |
_tRevista da Faculdade de Medicina Veterinaria e Zootecnia da Universidade de Sao Paulo (Brazil) _xISSN 0303-7525 _g(1976), v. 13(1) p. 119-122 _wBR7304209 |
|
| 909 |
_a202311 _bLúcia _c55 _dLúcia Elande |
||
| 942 |
_2AGRIS _n0 _cANA |
||
| 999 |
_c92283 _d92283 |
||